Art of reporting (Record no. 2763)

000 -LEADER
fixed length control field 00259nam a22001217a 4500
020 ## - INTERNATIONAL STANDARD BOOK NUMBER
International Standard Book Number 9789380836201
082 ## - DEWEY DECIMAL CLASSIFICATION NUMBER
Classification number 070.43
100 ## - MAIN ENTRY--PERSONAL NAME
Personal name Monita Singh
245 ## - TITLE STATEMENT
Title Art of reporting
260 ## - PUBLICATION, DISTRIBUTION, ETC.
Place of publication, distribution, etc. New Delhi
Name of publisher, distributor, etc. Centrum press
Date of publication, distribution, etc. 2010
300 ## - PHYSICAL DESCRIPTION
Extent 295p
942 ## - ADDED ENTRY ELEMENTS (KOHA)
Koha item type Book
Holdings
Withdrawn status Lost status Source of classification or shelving scheme Damaged status Not for loan Permanent Location Current Location Shelving location Date acquired Total Checkouts Full call number Barcode Date last seen Price effective from Koha item type
          Central Library (CL) Central Library (CL) First Floor - Journalism 03/17/2016   302.23 SIN S3H-S-94 03/17/2016 03/17/2016 Book
© 2023 Central Library, National University of Sciences and Technology. All Rights Reserved.